000 00206nam a22000857a 4500
008 161229b xxu||||| |||| 00| 0 eng d
100 _92235
_aNCERT
245 _aHoneydew Class-7
260 _aNew Delhi
_bNCERT
_c2011
999 _c5122
_d5122